000 00379nam a22001457a 4500
020 _a978-05-4533-132-6
082 _a823
_bSTI/R
100 _aSTILTON,GERONIMO
245 _aRUN FOR THE HILLS, GERONIMO!
246 _aRUN FOR THE HILLS, GERONIMO!
_bRUN FOR THE HILLS, GERONIMO!
260 _aLONDON
_bSCHOLASTIC
_c2022
300 _a108
650 _aENGLISH FICTION
942 _cBK
999 _c8997
_d8997